[Event "ESP-chT CECLUB Div2"]
[Site "Linares"]
[Date "2019.08.19"]
[Round "1.7"]
[White "Torres Sanchez, Jose"]
[Black "Rodriguez Perez, Angel Mariano"]
[Result "1-0"]
[WhiteElo "2304"]
[BlackElo "2223"]
[PlyCount "59"]
[EventDate "2019.08.19"]
[EventType "team-swiss"]
[EventRounds "7"]
[EventCountry "ESP"]
[SourceTitle "EXT 2020"]
[Source "ChessBase"]
[SourceDate "2019.10.17"]
[SourceVersion "1"]
[SourceVersionDate "2019.10.17"]
[SourceQuality "1"]
[WhiteTeam "Andreu Paterna II"]
[BlackTeam "Ciudad de Huelva"]
[WhiteTeamCountry "ESP"]
[BlackTeamCountry "ESP"]

1. e4 c5 2. Nf3 Nc6 3. d4 cxd4 4. Nxd4 g6 5. Nxc6 bxc6 6. c4 Bg7 7. Be2 Nf6 8. Nc3 d6 9. 0-0 0-0 10. Be3 Nd7 11. Na4 c5 12. f4 Nb6 13. Nc3 Ba6 14. Nb5 Bxb2 15. Rb1 Bg7 16. Rb3 Na4 17. Qc2 Bxb5 18. cxb5 Qc7 19. Ra3 Nb6 20. Ra6 Rac8 21. Bg4 e6 22. f5 exf5 23. exf5 Nd5 24. Bg5 Bd4+ 25. Kh1 Nb4 26. Qb3 Nxa6 27. f6 Rb8 28. Qh3 Kh8 29. Qh6 Rg8 30. Rf3 1-0

[Event "Iberoamerican-ch 7th"]
[Site "Linares"]
[Date "2019.08.15"]
[Round "6"]
[White "Paiva, Henrique MA Alberg"]
[Black "Rodriguez Perez, Angel Mariano"]
[Result "0-1"]
[WhiteElo "2106"]
[BlackElo "2223"]
[PlyCount "69"]
[EventDate "2019.08.10"]
[EventType "swiss"]
[EventRounds "9"]
[EventCountry "ESP"]
[SourceTitle "CBM 191 Extra"]
[Source "ChessBase"]
[SourceDate "2019.09.30"]
[SourceVersion "1"]
[SourceVersionDate "2019.09.30"]
[SourceQuality "1"]

1. e4 c5 2. Nf3 d6 3. d4 cxd4 4. Nxd4 Nf6 5. Nc3 a6 6. Be2 e5 7. Nb3 Be7 8. 0-0 0-0 9. a4 Be6 10. Be3 Nbd7 11. a5 Qc7 12. Bf3 b5 13. axb6 Nxb6 14. Re1 Nc4 15. Bc1 Rfb8 16. Rb1 a5 17. Nd2 Nb6 18. Nf1 a4 19. Nd5 Nbxd5 20. exd5 Bf5 21. Ne3 Bg6 22. Ra1 Nd7 23. Ra3 Nc5 24. Bg4 Bg5 25. Nf5 Bxc1 26. Qxc1 Rb4 27. Ne3 Rab8 28. b3 axb3 29. cxb3 Rxb3 30. Rxb3 Rxb3 31. h4 h5 32. Bh3 Qd8 33. Nf5 Rxh3 34. Nh6+ gxh6 35. gxh3 0-1

[Event "Iberoamerican-ch 7th"]
[Site "Linares"]
[Date "2019.08.12"]
[Round "3"]
[White "Rodriguez Perez, Angel Mariano"]
[Black "Roselli Mailhe, Bernardo"]
[Result "1-0"]
[WhiteElo "2223"]
[BlackElo "2461"]
[PlyCount "103"]
[EventDate "2019.08.10"]
[EventType "swiss"]
[EventRounds "9"]
[EventCountry "ESP"]
[SourceTitle "CBM 191 Extra"]
[Source "ChessBase"]
[SourceDate "2019.09.30"]
[SourceVersion "1"]
[SourceVersionDate "2019.09.30"]
[SourceQuality "1"]

1. e4 c5 2. Nc3 e6 3. g3 Nc6 4. Bg2 Nf6 5. Nge2 d5 6. exd5 exd5 7. d4 cxd4 8. Nxd4 Be7 9. 0-0 0-0 10. h3 a6 11. Nce2 Re8 12. c3 Ne4 13. Nf4 Bf6 14. Nb3 Ne7 15. Be3 Nf5 16. Bd4 Nxd4 17. Nxd4 Be5 18. Nde2 Nf6 19. Qb3 Be6 20. Nxe6 Rxe6 21. Rfe1 Rb6 22. Qc2 Qd7 23. Rab1 Re8 24. Qd2 Rbe6 25. Kh2 Qe7 26. Red1 h5 27. Nf4 Rd6 28. Nxd5 Nxd5 29. Bxd5 h4 30. c4 hxg3+ 31. fxg3 Qh4 32. Qg2 Rg6 33. Rd3 Bc7 34. Rf1 Rf6 35. Rxf6 gxf6 36. Bxf7+ Kxf7 37. Rd7+ Kg6 38. Rxc7 Qd4 39. Qc2+ f5 40. Rxb7 Re1 41. Qg2 Re6 42. Rc7 Qd6 43. Rc8 Qd7 44. Rc5 Qe8 45. Qf3 Re2+ 46. Kg1 Qe4 47. Rc6+ Kg7 48. Qxe4 fxe4 49. Rxa6 Kf7 50. b4 e3 51. Kf1 Rb2 52. a3 1-0

[Event "Dos Hermanas rapid 31st"]
[Site "Dos Hermanas"]
[Date "2019.05.25"]
[Round "4"]
[White "Rodriguez Perez, Angel Mariano"]
[Black "Gascon del Nogal, Jose Rafael"]
[Result "1/2-1/2"]
[WhiteElo "2223"]
[BlackElo "2466"]
[PlyCount "133"]
[EventDate "2019.05.25"]
[EventType "swiss (rapid)"]
[EventRounds "8"]
[EventCountry "ESP"]
[SourceTitle "CBM 190 Extra"]
[Source "ChessBase"]
[SourceDate "2019.07.15"]
[SourceVersion "1"]
[SourceVersionDate "2019.07.15"]
[SourceQuality "1"]

1. e4 e5 2. Nf3 Nc6 3. Bc4 Nf6 4. Ng5 d5 5. exd5 Na5 6. Bb5+ c6 7. dxc6 bxc6 8. Bd3 Nd5 9. Nf3 Nf4 10. 0-0 Nxd3 11. cxd3 Bd6 12. Re1 0-0 13. Nxe5 c5 14. Nc4 Nxc4 15. dxc4 Qh4 16. g3 Qxc4 17. Qe2 Qxe2 18. Rxe2 Ba6 19. Re3 c4 20. Nc3 Bc5 21. Re1 Rfe8 22. Rxe8+ Rxe8 23. Kf1 Bc8 24. h4 Bh3+ 25. Kg1 Re1+ 26. Kh2 Bd7 27. b4 Bxf2 28. Bb2 Re8 29. a4 Bd4 30. b5 f5 31. Rf1 Be5 32. Rf2 h6 33. Nd1 Bc7 34. Bd4 Re4 35. Be3 Rxh4+ 36. Kg2 Re4 37. Nc3 Re6 38. Nd5 Bb8 39. Nf4 Re4 40. Nd5 Bc8 41. Nc3 Re8 42. Bf4 Bb7+ 43. Kf1 Bxf4 44. Rxf4 Be4 45. Nxe4 fxe4 46. Ke2 g5 47. Rg4 Kf7 48. Ke3 Kf6 49. Rxe4 Rc8 50. Kd4 Rd8+ 51. Kxc4 Rxd2 52. Re3 h5 53. a5 Rb2 54. Kc5 h4 55. gxh4 gxh4 56. b6 axb6+ 57. axb6 Kg5 58. Kc6 Rc2+ 59. Kd7 Rb2 60. Kc7 Rc2+ 61. Kd7 Rb2 62. Kc6 Kg4 63. b7 h3 64. Rxh3 Kxh3 65. Kc7 Kg4 66. b8Q Rxb8 67. Kxb8 1/2-1/2

[Event "Alicante Universitario-ch"]
[Site "Alicante"]
[Date "2019.04.09"]
[Round "2.4"]
[White "Taboas Rodriguez, Daniel"]
[Black "Rodriguez Perez, Angel Mariano"]
[Result "1-0"]
[WhiteElo "2423"]
[BlackElo "2223"]
[PlyCount "85"]
[EventDate "2019.04.09"]
[EventType "swiss"]
[EventRounds "9"]
[EventCountry "ESP"]
[SourceTitle "CBM 190 Extra"]
[Source "ChessBase"]
[SourceDate "2019.07.15"]
[SourceVersion "1"]
[SourceVersionDate "2019.07.15"]
[SourceQuality "1"]

1. d4 g6 2. Nf3 Bg7 3. c4 c5 4. d5 d6 5. e4 Nf6 6. Nc3 0-0 7. Bd3 e6 8. 0-0 exd5 9. exd5 Bg4 10. h3 Bxf3 11. Qxf3 Nfd7 12. Qg3 Ne5 13. Be2 f5 14. Bd2 Nbd7 15. f4 Nf7 16. Bd3 Nf6 17. Rae1 Qd7 18. Re6 Rae8 19. Bxf5 gxf5 20. Rxf6 Kh8 21. Re6 Rxe6 22. dxe6 Qxe6 23. b3 Nd8 24. Re1 Qg6 25. Qxg6 hxg6 26. Nb5 Nc6 27. Nxd6 b6 28. Kf2 Kg8 29. Re6 Rd8 30. Be3 Nd4 31. Bxd4 Bxd4+ 32. Kf3 Kg7 33. g4 fxg4+ 34. hxg4 Bb2 35. Ke4 Bc1 36. g5 Rf8 37. Re7+ Kg8 38. Re8 Rxe8+ 39. Nxe8 a6 40. Nc7 Kf7 41. Nxa6 Ke6 42. Nc7+ Kd6 43. Nd5 1-0

[Event "Gibraltar Challengers op-A"]
[Site "Caleta"]
[Date "2019.01.25"]
[Round "5"]
[White "Rodriguez Perez, Angel Mariano"]
[Black "Lim, Zhuo Ren"]
[Result "1/2-1/2"]
[WhiteElo "2204"]
[BlackElo "2178"]
[PlyCount "30"]
[EventDate "2019.01.21"]
[EventType "swiss"]
[EventRounds "5"]
[EventCountry "GGB"]
[SourceTitle "CBM 188 Extra"]
[Source "ChessBase"]
[SourceDate "2019.02.26"]
[SourceVersion "1"]
[SourceVersionDate "2019.02.26"]
[SourceQuality "1"]

1. e4 c5 2. Nc3 g6 3. g3 Bg7 4. Bg2 Nc6 5. d3 d6 6. Nf3 Nf6 7. 0-0 0-0 8. Bd2 Bd7 9. Qc1 Qc8 10. Bh6 Bh3 11. Bxg7 Kxg7 12. Qe3 Bxg2 13. Kxg2 e5 14. Qd2 Nd4 15. Nxd4 cxd4 1/2-1/2

[Event "ESP-ch 83rd"]
[Site "Linares"]
[Date "2018.08.27"]
[Round "8"]
[White "Rodriguez Perez, Angel Mariano"]
[Black "Ladron de Guevara Pinto, Paolo"]
[Result "0-1"]
[WhiteElo "2223"]
[BlackElo "2424"]
[PlyCount "102"]
[EventDate "2018.08.20"]
[EventType "swiss"]
[EventRounds "9"]
[EventCountry "ESP"]
[SourceTitle "CBM 186 Extra"]
[Source "ChessBase"]
[SourceDate "2018.08.24"]
[SourceVersion "1"]
[SourceVersionDate "2018.08.24"]
[SourceQuality "1"]

1. e4 g6 2. d4 Bg7 3. Nc3 d5 4. exd5 Nf6 5. Bb5+ Nbd7 6. Nf3 0-0 7. 0-0 Nb6 8. Bg5 Nbxd5 9. Nxd5 Qxd5 10. Be2 c6 11. c3 Bg4 12. Ne5 Bxe2 13. Qxe2 Rfe8 14. Qc4 Ne4 15. Qxd5 cxd5 16. Be3 Nd6 17. Nd3 f6 18. Rfe1 Nc4 19. f4 Kf7 20. Re2 e6 21. Rae1 a5 22. Bc1 b6 23. g4 Nd6 24. h4 Rad8 25. Kg2 h5 26. g5 Rc8 27. a3 Rc6 28. Kh3 f5 29. Bd2 Ne4 30. Nf2 b5 31. Nxe4 fxe4 32. Ra1 Rb8 33. b4 Ra6 34. bxa5 Rxa5 35. Bc1 Rc8 36. Bb2 Ke7 37. Kg3 Kd7 38. Kf2 Bf8 39. Ke3 Rca8 40. Kd2 Bxa3 41. Kc2 Bxb2 42. Rxa5 Rxa5 43. Kxb2 Ra4 44. Re1 Kc6 45. Kb3 Kb6 46. Rf1 Ka5 47. Rc1 Kb6 48. Rf1 Rc4 49. Ra1 b4 50. cxb4 Rxd4 51. Ra8 e3 0-1

[Event "Seville op 43rd"]
[Site "Seville"]
[Date "2018.01.14"]
[Round "3"]
[White "Rodriguez Perez, Angel Mariano"]
[Black "Pap, Misa"]
[Result "1/2-1/2"]
[WhiteElo "2227"]
[BlackElo "2491"]
[PlyCount "118"]
[EventDate "2018.01.12"]
[EventType "swiss"]
[EventRounds "9"]
[EventCountry "ESP"]
[SourceTitle "CBM 182 Extra"]
[Source "ChessBase"]
[SourceDate "2018.02.23"]
[SourceVersion "1"]
[SourceVersionDate "2018.02.23"]
[SourceQuality "1"]

1. e4 e5 2. Nf3 Nc6 3. Bc4 Bc5 4. 0-0 Nf6 5. d3 d6 6. Nc3 h6 7. Na4 Bb6 8. Nxb6 axb6 9. a3 Be6 10. Bxe6 fxe6 11. c3 0-0 12. Qc2 Nh5 13. d4 Rxf3 14. gxf3 exd4 15. f4 Qh4 16. f3 Nxf4 17. Bxf4 Qxf4 18. Qc1 Qe5 19. Qe1 dxc3 20. Qxc3 Qxc3 21. bxc3 Ra4 22. Kf2 e5 23. Ke3 Ne7 24. Rg1 Kf7 25. Ra2 c6 26. h4 h5 27. Rg5 g6 28. Kd3 b5 29. Kc2 Ke6 30. Kb3 Ra8 31. a4 bxa4+ 32. Rxa4 Rf8 33. Rg3 Rf4 34. Rh3 b5 35. Ra1 d5 36. Re1 Kd6 37. Kc2 d4 38. Kd3 c5 39. c4 bxc4+ 40. Kxc4 Kc6 41. Rg3 Nc8 42. Rxg6+ Nd6+ 43. Rxd6+ Kxd6 44. Ra1 Rxf3 45. Ra6+ Ke7 46. Kxc5 Re3 47. Kd5 d3 48. Ra7+ Kd8 49. Ra1 Rh3 50. Rd1 Ke7 51. Kxe5 Rxh4 52. Rxd3 Rg4 53. Kf5 Rg8 54. Rh3 Rf8+ 55. Ke5 Rh8 56. Kf5 h4 57. Kg4 Ke6 58. Rxh4 Rxh4+ 59. Kxh4 Ke5 1/2-1/2

[Event "Malaga op 13th"]
[Site "Malaga"]
[Date "2010.02.23"]
[Round "5"]
[White "Ramos Cantos, Juan Jesus"]
[Black "Rodriguez Perez, Angel Mariano"]
[Result "0-1"]
[WhiteElo "1921"]
[BlackElo "2089"]
[PlyCount "116"]
[EventDate "2010.02.20"]
[EventType "swiss"]
[EventRounds "9"]
[EventCountry "ESP"]
[SourceTitle "CBM 135 Extra"]
[Source "ChessBase"]
[SourceDate "2010.05.04"]
[SourceVersion "1"]
[SourceVersionDate "2010.05.04"]
[SourceQuality "1"]

1. e4 d6 2. Nf3 g6 3. d4 Bg7 4. Nc3 Nf6 5. Bd3 0-0 6. 0-0 c5 7. d5 e6 8. Bg5 Qb6 9. Rb1 exd5 10. Nxd5 Nxd5 11. exd5 Na6 12. a3 Bd7 13. Qd2 Rfe8 14. Bh6 Rac8 15. Bxg7 Kxg7 16. c4 Qd8 17. Ng5 h6 18. Ne4 Bf5 19. Qc3+ f6 20. f3 Bxe4 21. fxe4 Nb8 22. b4 Nd7 23. b5 Ne5 24. Be2 b6 25. a4 Qe7 26. Ra1 Nf7 27. a5 Ra8 28. Rf2 Qe5 29. Qxe5 Nxe5 30. a6 Re7 31. Raf1 Rf8 32. Kh1 h5 33. h3 g5 34. Rf5 Ng6 35. Bxh5 Rxe4 36. Bxg6 Kxg6 37. g4 Rxc4 38. Re1 Rc3 39. Kg2 Rc2+ 40. Kg3 Rc3+ 41. Kg2 Rb3 42. Re6 Rxb5 43. Rxd6 Ra5 44. Re6 Rxa6 45. d6 Ra2+ 46. Kf3 Rd2 47. Ke4 Rd4+ 48. Ke3 Rf7 49. Ke2 c4 50. Ke3 Rd3+ 51. Ke4 Rd1 52. Rf3 b5 53. h4 b4 54. h5+ Kg7 55. h6+ Kxh6 56. Kf5 Kg7 57. Rh3 c3 58. Re8 Rf1+ 0-1

[Event "Malaga op 13th"]
[Site "Malaga"]
[Date "2010.02.21"]
[Round "3"]
[White "Fenollar Jorda, Manuel"]
[Black "Rodriguez Perez, Angel Mariano"]
[Result "1-0"]
[WhiteElo "2328"]
[BlackElo "2089"]
[PlyCount "93"]
[EventDate "2010.02.20"]
[EventType "swiss"]
[EventRounds "9"]
[EventCountry "ESP"]
[SourceTitle "CBM 135 Extra"]
[Source "ChessBase"]
[SourceDate "2010.05.04"]
[SourceVersion "1"]
[SourceVersionDate "2010.05.04"]
[SourceQuality "1"]

1. d4 g6 2. e4 Bg7 3. c4 d6 4. Nc3 Nf6 5. h3 c5 6. d5 0-0 7. Bg5 e6 8. Bd3 Qa5 9. Qd2 exd5 10. exd5 Re8+ 11. Nge2 Nbd7 12. f4 a6 13. 0-0 b5 14. f5 b4 15. Nd1 Ne4 16. Bxe4 Rxe4 17. f6 h6 18. fxg7 hxg5 19. Qxg5 Kxg7 20. Ng3 Re5 21. Nf5+ Rxf5 22. Rxf5 f6 23. Qg3 b3 24. a3 Ne5 25. Rf4 Qd2 26. Qe3 Qc2 27. Rc1 Qd3 28. Qe1 g5 29. Rc3 Qxc3 30. Qxc3 gxf4 31. Qxb3 Bd7 32. Qb7 Rh8 33. Qxa6 f3 34. Qxd6 fxg2 35. Nf2 Rh5 36. Kxg2 Rg5+ 37. Kf1 Rf5 38. Ke2 Be8 39. Qe7+ Bf7 40. d6 Nc6 41. Qc7 Nd4+ 42. Kf1 Kg6 43. b3 Nxb3 44. d7 Bxc4+ 45. Kg1 Nd4 46. d8Q Ne2+ 47. Kg2 1-0

[Event "Galapagar op 10th"]
[Site "Galapagar"]
[Date "2009.07.22"]
[Round "5"]
[White "Moreno Ruiz, Javier"]
[Black "Rodriguez Perez, Angel Mariano"]
[Result "1-0"]
[WhiteElo "2418"]
[BlackElo "2053"]
[PlyCount "79"]
[EventDate "2009.07.18"]
[EventType "swiss"]
[EventRounds "9"]
[EventCountry "ESP"]
[SourceTitle "EXT 2010"]
[Source "ChessBase"]
[SourceDate "2010.11.25"]
[SourceVersion "1"]
[SourceVersionDate "2010.11.25"]
[SourceQuality "1"]

1. c4 d6 2. g3 g6 3. Bg2 Bg7 4. Nc3 c5 5. a3 Nc6 6. Rb1 a5 7. Nf3 Nf6 8. d4 Bf5 9. Ra1 Nxd4 10. Nxd4 cxd4 11. Qxd4 Rb8 12. 0-0 0-0 13. Qh4 Bd7 14. Bg5 Re8 15. Rab1 Bc6 16. e4 h5 17. Nd5 b5 18. b3 Ba8 19. Rfd1 Nxd5 20. exd5 Bf6 21. Bxf6 exf6 22. Qd4 Kg7 23. Bf1 bxc4 24. bxc4 Qc7 25. Rb5 Rec8 26. a4 Rb7 27. Rdb1 Rcb8 28. R1b3 Rxb5 29. axb5 Bb7 30. Rf3 Qe7 31. Re3 Qc7 32. Rf3 Qe7 33. Ra3 Ra8 34. Qb6 Bc8 35. Re3 Qd7 36. Qc6 Ra7 37. b6 Ra6 38. Qxd7 Bxd7 39. c5 Ra8 40. b7 1-0

[Event "Galapagar op 10th"]
[Site "Galapagar"]
[Date "2009.07.20"]
[Round "3"]
[White "Pascual Perdiguero, Jose Maria"]
[Black "Rodriguez Perez, Angel Mariano"]
[Result "0-1"]
[WhiteElo "1879"]
[BlackElo "2053"]
[PlyCount "74"]
[EventDate "2009.07.18"]
[EventType "swiss"]
[EventRounds "9"]
[EventCountry "ESP"]
[SourceTitle "EXT 2010"]
[Source "ChessBase"]
[SourceDate "2010.11.25"]
[SourceVersion "1"]
[SourceVersionDate "2010.11.25"]
[SourceQuality "1"]

1. c4 d6 2. Nf3 g6 3. g3 Bg7 4. Bg2 c5 5. Nc3 Nf6 6. 0-0 0-0 7. d3 Na6 8. Rb1 Rb8 9. Nb5 Qb6 10. a3 Bd7 11. Nc3 Bc6 12. e4 Nd7 13. Bg5 Qd8 14. Qd2 Nc7 15. Nd5 Bxd5 16. exd5 Ne5 17. Rfe1 f6 18. Be3 b5 19. Nxe5 fxe5 20. Bg5 Qd7 21. Re4 Ne8 22. Rh4 Bf6 23. Bh3 Qb7 24. Be6+ Kh8 25. Qe3 Ng7 26. Rh3 Nxe6 27. dxe6 Qc8 28. Bxf6+ Rxf6 29. cxb5 Rxb5 30. b4 Qxe6 31. Rh4 Qf5 32. Rf1 g5 33. Rh5 h6 34. f4 Qg4 35. Qf3 Qxf3 36. Rxf3 cxb4 37. axb4 Rxb4 0-1

[Event "Galapagar op 10th"]
[Site "Galapagar"]
[Date "2009.07.19"]
[Round "2"]
[White "Rodriguez Perez, Angel Mariano"]
[Black "Ortiz Suarez, Isan Reynaldo"]
[Result "0-1"]
[WhiteElo "2053"]
[BlackElo "2504"]
[PlyCount "86"]
[EventDate "2009.07.18"]
[EventType "swiss"]
[EventRounds "9"]
[EventCountry "ESP"]
[SourceTitle "EXT 2010"]
[Source "ChessBase"]
[SourceDate "2010.11.25"]
[SourceVersion "1"]
[SourceVersionDate "2010.11.25"]
[SourceQuality "1"]

1. e4 c5 2. Nf3 d6 3. d4 cxd4 4. Nxd4 Nf6 5. Nc3 a6 6. Be2 e6 7. Be3 Qc7 8. 0-0 b5 9. a3 Bb7 10. f3 Nbd7 11. a4 b4 12. Na2 d5 13. Qd2 Bd6 14. e5 Nxe5 15. Nxb4 Nc4 16. Bxc4 Bxh2+ 17. Kh1 dxc4 18. Ne2 Rd8 19. Qe1 Qe5 20. Bg1 Bxg1 21. Nxg1 Qxb2 22. Rb1 Qd4 23. Qg3 0-0 24. Ne2 Qc5 25. Nf4 e5 26. Nh3 e4 27. Qg5 Qc7 28. f4 e3 29. Qe5 Qxe5 30. fxe5 Ng4 31. Rf4 Nxe5 32. Re1 a5 33. Rxe3 Ng6 34. Rxc4 axb4 35. Rxb4 Ba8 36. Re2 h6 37. Nf2 Rfe8 38. Rxe8+ Rxe8 39. Nd3 Kh7 40. a5 Re2 41. c4 Rxg2 42. Rb8 Be4 43. Nc5 Rb2+ 0-1

[Event "Madrid Villaverde op 11th"]
[Site "Madrid"]
[Date "2009.07.01"]
[Round "3"]
[White "Pastor Alonso de Prado, Emilio Alberto"]
[Black "Rodriguez Perez, Angel Mariano"]
[Result "1-0"]
[WhiteElo "2145"]
[BlackElo "2027"]
[PlyCount "149"]
[EventDate "2009.06.29"]
[EventType "swiss"]
[EventRounds "9"]
[EventCountry "ESP"]
[SourceTitle "EXT 2010"]
[Source "ChessBase"]
[SourceDate "2010.11.25"]
[SourceVersion "1"]
[SourceVersionDate "2010.11.25"]
[SourceQuality "1"]

1. e4 d6 2. d4 g6 3. Nf3 Bg7 4. h3 Nf6 5. Nc3 c5 6. d5 0-0 7. Be2 Na6 8. 0-0 Nc7 9. a4 Rb8 10. Bf4 a6 11. e5 Nfe8 12. Rb1 b5 13. axb5 Nxb5 14. Bxb5 axb5 15. b4 c4 16. Re1 Bd7 17. Qd2 dxe5 18. Nxe5 Nd6 19. Ne4 Nxe4 20. Rxe4 Rb7 21. Rbe1 Re8 22. Bh6 Bf6 23. d6 Be6 24. d7 Bxd7 25. Nxf7 Qc7 26. Ng5 Bc6 27. Rf4 Qd7 28. Qe3 Qd5 29. Qg3 Qd2 30. Re6 Bd7 31. Rexf6 exf6 32. Rxf6 Bc8 33. Qe5 Qe1+ 34. Qxe1 Rxe1+ 35. Kh2 Re8 36. g4 Rbe7 37. Kg3 Be6 38. c3 Bd5 39. Rd6 Be4 40. Rb6 Rb7 41. Rf6 Bd5 42. Rd6 Bf7 43. f3 Reb8 44. Ne4 Be8 45. Nf6+ Kf7 46. Nxh7 Rb6 47. Rd4 Kg8 48. Ng5 Rf6 49. Ne4 Ra6 50. Bf4 Raa8 51. Be5 Bc6 52. Ng5 Be8 53. Rd5 Bc6 54. Rd6 Be8 55. h4 Ra2 56. Rd5 Re2 57. Kf4 Bc6 58. Rd6 Rf8+ 59. Kg3 Rxe5 60. Rxg6+ Kh8 61. Rxc6 Re3 62. Rb6 Rxc3 63. Rxb5 Rc8 64. Rb7 Re3 65. h5 c3 66. h6 c2 67. Rh7+ Kg8 68. Rg7+ Kf8 69. Nh7+ Ke8 70. Nf6+ Kf8 71. Rg8+ Kf7 72. Rxc8 Kxf6 73. h7 Re8 74. Rxc2 Rb8 75. Rh2 1-0

[Event "ESP-ch U18"]
[Site "Padron"]
[Date "2008.07.30"]
[Round "6"]
[White "Tirapo Larcuen, Ana"]
[Black "Rodriguez Perez, Angel Mariano"]
[Result "0-1"]
[WhiteElo "1880"]
[BlackElo "1974"]
[PlyCount "58"]
[EventDate "2008.07.27"]
[EventType "swiss"]
[EventRounds "9"]
[EventCountry "ESP"]
[SourceTitle "CBM 125 Extra"]
[Source "ChessBase"]
[SourceDate "2008.09.01"]
[SourceVersion "1"]
[SourceVersionDate "2008.09.01"]
[SourceQuality "1"]

1. e4 d6 2. d4 g6 3. g3 Bg7 4. Bg2 Nf6 5. Ne2 0-0 6. h3 e5 7. 0-0 Qe7 8. Nbc3 c6 9. Be3 Ne8 10. Qd2 f5 11. f4 fxe4 12. dxe5 dxe5 13. Nxe4 Nd7 14. c3 Nc7 15. Nd6 Nb6 16. c4 Rd8 17. Nxc8 Raxc8 18. Qc2 exf4 19. Bxb6 axb6 20. Kh1 fxg3 21. Nf4 Qb4 22. Nd3 Qd6 23. Rad1 Ne6 24. b4 Nd4 25. Qb1 Rf8 26. c5 bxc5 27. Nxc5 b6 28. Ne4 Qe6 29. Rfe1 Ra8 0-1